000
00303nam a22001217a 4500
008
230619b xxu||||| |||| 00| 0 eng d
082
_a
080.09
100
_c
Frank S Pepper
245
_a
Dictionary Biographical Quotations
260
_a
Cairo
_b
Sahara Printed Co
_c
1997
300
_a
257p
942
_2
ddc
_c
BK
999
_c
1157
_d
1157